Breaking the Circle of Poison; the Integrate Pest-Management Revolution in Nicaragua /
Este documento ofrece las valoraciones científicas de los autores Swezey y Daxl acerca de la administración integrada de plaguicidas en Nicaragua. Analizan el papel revolucionario de la IPM, dentro de la revolución nicaragüense y su reforma agraria. Examinan el esfuerzo de las Naciones Unidas, a tra...
Shranjeno v:
| Glavni avtor: | |
|---|---|
| Drugi avtorji: | |
| Format: | Texto |
| Izdano: |
San Francisco, CA:
Institute for Food Development Policy
|
| Teme: | |
| Oznake: |
Označite
Brez oznak, prvi označite!
|
MARC
| LEADER | 00000 a a2200000 04500 | ||
|---|---|---|---|
| 001 | 13628 | ||
| 003 | |||
| 040 | |||
| 090 | |a 024700 | ||
| 100 | |a Swezey, Sean L | ||
| 245 | |a Breaking the Circle of Poison; the Integrate Pest-Management Revolution in Nicaragua / |c Sean L Swezey | ||
| 260 | |a San Francisco, CA: |b Institute for Food Development Policy | ||
| 300 | |a 28 p. | ||
| 520 | |a Este documento ofrece las valoraciones científicas de los autores Swezey y Daxl acerca de la administración integrada de plaguicidas en Nicaragua. Analizan el papel revolucionario de la IPM, dentro de la revolución nicaragüense y su reforma agraria. Examinan el esfuerzo de las Naciones Unidas, a través de la FAO, para introducir la IPM en Nicaragua durante la dictadura somocista. Concluyen que la estructura política y económica sistemáticamente fomentaron el uso excesivo de plaguicidas y, además, que el progreso científico en materia de administración integrada de plaguicidas debe ir ligado con las transformaciones sociales y económicas. ABB/mb | ||
| 650 | |a FERTILIZANTES QUIMICOS | ||
| 650 | |a PLAGUICIDAS | ||
| 650 | |a REVOLUCION | ||
| 650 | |a REFORMA AGRARIA | ||
| 650 | |a INDUSTRIA DE ABONOS Y FERTILIZANTES | ||
| 700 | |a Daxl, Rainer | ||
| 999 | |c 15237 |d 15237 | ||
